GeoGuessr - US telephone area codes - Level 17 - Statistics

General Stats
  • This quiz has been taken 25 times
  • The average score is 63 of 189
Answer Stats
Hint Answer % Correct
207 Maine
67%
443 Maryland
67%
603 New Hampshire
67%
828 North Carolina
67%
215 Pennsylvania
67%
803 South Carolina
67%
802 Vermont
67%
540 Virginia
67%
205 Alabama
33%
251 Alabama
33%
256 Alabama
33%
334 Alabama
33%
659 Alabama
33%
938 Alabama
33%
907 Alaska
33%
480 Arizona
33%
520 Arizona
33%
602 Arizona
33%
623 Arizona
33%
928 Arizona
33%
479 Arkansas
33%
501 Arkansas
33%
870 Arkansas
33%
303 Colorado
33%
719 Colorado
33%
720 Colorado
33%
970 Colorado
33%
203 Connecticut
33%
475 Connecticut
33%
860 Connecticut
33%
302 Delaware
33%
229 Georgia
33%
404 Georgia
33%
470 Georgia
33%
478 Georgia
33%
678 Georgia
33%
706 Georgia
33%
762 Georgia
33%
770 Georgia
33%
912 Georgia
33%
808 Hawaii
33%
208 Idaho
33%
986 Idaho
33%
219 Indiana
33%
260 Indiana
33%
317 Indiana
33%
463 Indiana
33%
574 Indiana
33%
765 Indiana
33%
812 Indiana
33%
930 Indiana
33%
319 Iowa
33%
515 Iowa
33%
563 Iowa
33%
641 Iowa
33%
316 Kansas
33%
620 Kansas
33%
785 Kansas
33%
913 Kansas
33%
270 Kentucky
33%
364 Kentucky
33%
502 Kentucky
33%
606 Kentucky
33%
859 Kentucky
33%
225 Louisiana
33%
318 Louisiana
33%
337 Louisiana
33%
504 Louisiana
33%
985 Louisiana
33%
227 Maryland
33%
240 Maryland
33%
301 Maryland
33%
410 Maryland
33%
667 Maryland
33%
339 Massachusetts
33%
351 Massachusetts
33%
413 Massachusetts
33%
508 Massachusetts
33%
617 Massachusetts
33%
774 Massachusetts
33%
781 Massachusetts
33%
857 Massachusetts
33%
978 Massachusetts
33%
218 Minnesota
33%
320 Minnesota
33%
507 Minnesota
33%
651 Minnesota
33%
763 Minnesota
33%
952 Minnesota
33%
228 Mississippi
33%
601 Mississippi
33%
662 Mississippi
33%
769 Mississippi
33%
314 Missouri
33%
417 Missouri
33%
557 Missouri
33%
573 Missouri
33%
636 Missouri
33%
660 Missouri
33%
816 Missouri
33%
975 Missouri
33%
406 Montana
33%
308 Nebraska
33%
402 Nebraska
33%
531 Nebraska
33%
702 Nevada
33%
725 Nevada
33%
775 Nevada
33%
201 New Jersey
33%
551 New Jersey
33%
732 New Jersey
33%
856 New Jersey
33%
862 New Jersey
33%
973 New Jersey
33%
505 New Mexico
33%
575 New Mexico
33%
252 North Carolina
33%
336 North Carolina
33%
910 North Carolina
33%
919 North Carolina
33%
980 North Carolina
33%
984 North Carolina
33%
701 North Dakota
33%
405 Oklahoma
33%
580 Oklahoma
33%
918 Oklahoma
33%
458 Oregon
33%
503 Oregon
33%
541 Oregon
33%
971 Oregon
33%
223 Pennsylvania
33%
267 Pennsylvania
33%
272 Pennsylvania
33%
412 Pennsylvania
33%
484 Pennsylvania
33%
570 Pennsylvania
33%
610 Pennsylvania
33%
717 Pennsylvania
33%
724 Pennsylvania
33%
814 Pennsylvania
33%
401 Rhode Island
33%
843 South Carolina
33%
854 South Carolina
33%
864 South Carolina
33%
605 South Dakota
33%
423 Tennessee
33%
615 Tennessee
33%
629 Tennessee
33%
731 Tennessee
33%
865 Tennessee
33%
901 Tennessee
33%
931 Tennessee
33%
385 Utah
33%
435 Utah
33%
801 Utah
33%
276 Virginia
33%
434 Virginia
33%
571 Virginia
33%
703 Virginia
33%
757 Virginia
33%
804 Virginia
33%
826 Virginia
33%
206 Washington
33%
253 Washington
33%
360 Washington
33%
425 Washington
33%
509 Washington
33%
564 Washington
33%
202 Washington, D.C.
33%
771 Washington, D.C.
33%
304 West Virginia
33%
681 West Virginia
33%
262 Wisconsin
33%
274 Wisconsin
33%
414 Wisconsin
33%
534 Wisconsin
33%
608 Wisconsin
33%
715 Wisconsin
33%
920 Wisconsin
33%
307 Wyoming
33%
959 Connecticut
0%
712 Iowa
0%
612 Minnesota
0%
609 New Jersey
0%
848 New Jersey
0%
908 New Jersey
0%
704 North Carolina
0%
743 North Carolina
0%
878 Pennsylvania
0%
No matching quizzes found
Score Distribution
Percent of People with Each Score
Percentile by Number Answered
Your Score History
You have not taken this quiz